History Quiz

Random History Quiz

Monegasque Princesses by Birth Quiz Stats

 Plays Quiz not verified by Sporcle

Challenge
Share
Tweet
Embed
Score 0/29 Timer 10:00
0 Plays Today
% Correct
None
100%
None
100%
None
100%
None
100%
Princess Charlotte of Monaco
95.1%
Princess Charlotte of Monaco
95.1%
Princess Stéphanie of Monaco
95.1%
Princess Caroline of Monaco
91.4%
Princess Marie Françoise of Monaco
90.1%
Princess Gabriella of Monaco, Countess of Carladès
86.4%
Princess Maria Ippolita of Monaco
84%
Princess Maria Teresa of Monaco
82.7%
Princess Maria Devota of Monaco
82.7%
Princess Maria Paolina of Monaco
82.7%
Princess Louise Hippolyte of Monaco, later Princess Imperial of Monaco
76.5%
% Correct
Princess Louise Françoise of Monaco
76.5%
Princess Anna Hippolyte of Monaco
74.1%
Princess Florestine of Monaco
61.7%
Princess Athénaïs of Monaco
55.6%
Princess Delphine of Monaco
53.1%
Princess Antoinette of Monaco
50.6%
Princesss Elisabetta Carlotta of Monaco
48.1%
Princess Teresa Maria of Monaco
40.7%
Princess Caterina Charlotte of Monoac
35.8%
Princess Honorine of Monaco
32.1%
Princess Margherita Camilla of Monaco
30.9%
Princess Giovanna Maria of Monaco
27.2%
Princess Giovanna Maria of Monaco
27.2%
Princess Aurelia of Monaco
27.2%

You're not logged in!

Compare scores with friends on all Sporcle quizzes.
Join for Free
OR
Log In

You Might Also Like...

Show Comments

Extras

Created Nov 16, 2016ReportFavoriteNominate
Tags:birth

Top Quizzes Today


Score Distribution

Your Account Isn't Verified!

In order to create a playlist on Sporcle, you need to verify the email address you used during registration. Go to your Sporcle Settings to finish the process.

Report this User

Report this user for behavior that violates our Community Guidelines.

Details: